| 000 | 00467cam a2200181ua 4500 | ||
|---|---|---|---|
| 020 | _c1820.00 | ||
| 041 |
_aeng _h |
||
| 082 |
_a632.3 _bNAI/AD |
||
| 100 | _aNaik, M K . | ||
| 245 |
_aAdvances in soil borne plant diseases / _cM K Naik. _hTextual Documents |
||
| 260 |
_aNew Delhi : _bNew India Publishing Agency , _c2008. |
||
| 300 | _a ; . | ||
| 365 | _a1820.00 | ||
| 504 | _a | ||
| 700 | 1 | _aDevikarani, G S . | |
| 942 | _cBK | ||
| 999 |
_c13354 _d13354 |
||